000 00634cam a2200253 4500
008 090401t1995 xxu||||| |||| 00| 0 eng d
020 _a0421525703
035 _a(Sirsi) u47435
041 _aeng
050 _a336.21
100 _aAskham, Phil
245 _aRating law: the uniform business rate
260 _aLondon
_bSweet & Maxwell
_c1995
300 _axxix, 242p. ; 26cm.
350 _a50
650 _aBUSINESS RATES
650 _aNON-DOMESTIC RATING
650 _aRATING
650 _aUNIFORM BUSINESS RATE
690 _aRATING AND VALUATION
700 _aMackmin, David
942 _n0
948 _c04/03/1997
999 _c92123
_d92123